000 01248nam a2200313 c 4500
003 BLK
005 20220517171121.0
008 180411b bul|||||r ||||||| ||bul||
010 _aKNG00192768000
040 _aBLK
041 _aBUL
_cBUL
080 _aОснови на възпитанието (материални, теоретични, философски и др.). Педагогика
_b37.01
_x
_z37.01
100 1 _aДенев, Дечо Жечев
_eпърви автор
_9246002
139 _aДенев, Дечо Жечев
_bД 42
245 1 0 _aПедагогическо майсторство
_b[Изследване]
_cДечо Жечев Денев.
257 _aBGR
260 София
_bНар. просв.
_c1989
_fХасково : Ат. Стратиев
300 _a168 с.
_c20 см
380 _a3
500 _aБиблиогр. с. 163-166. - 5 452 тир.
650 4 _aУчебно-възпитателна работа
_9246003
653 _aучебно-възпитателна работа
653 _aизследвания
852 _aЦб 158521
856 4 _qpdf
_u
856 4 _qpdf
_u
942 _cKNG
_n0
_02
944 _aCR
_c13.10.2016
_kЕлица_Владова
944 _aED
_c05.04.2017
_kГеновева_Генчева
999 _c183823
_d183823